[Event "Stuttgart-chC int"]
[Site "Ditzingen"]
[Date "2014.05.30"]
[Round "4"]
[White "Giebler, Kai"]
[Black "Mijic, Marcel"]
[Result "0-1"]
[WhiteElo "1454"]
[BlackElo "1198"]
[PlyCount "114"]
[EventDate "2014.05.29"]
[EventType "swiss"]
[EventRounds "7"]
[EventCountry "GER"]
[SourceTitle "EXT 2015"]
[Source "ChessBase"]
[SourceDate "2014.11.20"]
[SourceVersion "1"]
[SourceVersionDate "2014.11.20"]
[SourceQuality "1"]

1. e4 e5 2. Nf3 Nf6 3. Nxe5 d6 4. Nf3 Nxe4 5. Qe2 Qe7 6. d3 Nf6 7. Nc3 Bg4 8. Qxe7+ Bxe7 9. Be2 Nc6 10. 0-0 Ne5 11. Nxe5 dxe5 12. Bxg4 Nxg4 13. h3 Nf6 14. Re1 Nd7 15. Nd5 Bd6 16. d4 0-0-0 17. dxe5 Bxe5 18. Nf4 Rhe8 19. Nd3 Bd4 20. Be3 Bxe3 21. fxe3 Nf6 22. Rad1 Rd6 23. Kh2 Rde6 24. Kg3 Rxe3+ 25. Rxe3 Rxe3+ 26. Kf2 Re6 27. Nf4 Re5 28. Rd3 Ne4+ 29. Kg1 Nd6 30. Rg3 g6 31. Ra3 a6 32. Nd3 Re2 33. c3 Rd2 34. Ne5 Rxb2 35. c4 Re2 36. Ra5 c6 37. Ng4 Nxc4 38. Ra4 Nb6 39. Ra5 Re6 40. Kf2 Kd7 41. Kf3 Kd6 42. Ne3 c5 43. g4 Nd5 44. Nc4+ Kc6 45. h4 Nb4 46. Ra3 Kd5 47. Ne3+ Kd4 48. Nf1 c4 49. Ra4 Nd5 50. Nd2 b5 51. Ra5 Kd3 52. Nf1 c3 53. Ra3 b4 54. Rb3 a5 55. Rb1 c2 56. Rc1 Ne3 57. Nxe3 Rxe3+ 0-1

[Event "Stuttgart-chC int"]
[Site "Ditzingen"]
[Date "2014.05.29"]
[Round "3"]
[White "Mijic, Marcel"]
[Black "Yi, Danny"]
[Result "1-0"]
[WhiteElo "1198"]
[BlackElo "1405"]
[PlyCount "112"]
[EventDate "2014.05.29"]
[EventType "swiss"]
[EventRounds "7"]
[EventCountry "GER"]
[SourceTitle "EXT 2015"]
[Source "ChessBase"]
[SourceDate "2014.11.20"]
[SourceVersion "1"]
[SourceVersionDate "2014.11.20"]
[SourceQuality "1"]

1. e4 e5 2. f4 exf4 3. Nf3 Nc6 4. Bc4 Be7 5. 0-0 d6 6. d4 Nf6 7. Nc3 0-0 8. Bxf4 Bg4 9. Qd2 Nxe4 10. Nxe4 d5 11. Bxc7 Qxc7 12. Bxd5 Rad8 13. c4 Bf5 14. Ng3 Bg4 15. Ne2 Bd6 16. Bxc6 Qxc6 17. c5 Bxc5 18. Qf4 Bxf3 19. Rxf3 Bd6 20. Qf5 Qc4 21. Qd3 Qxd3 22. Rxd3 Rfe8 23. Rd2 Bb4 24. Rc2 g6 25. Rd1 Rc8 26. Rdc1 Rxc2 27. Rxc2 Bd6 28. h3 Kg7 29. Kf2 Kf6 30. Nc3 a6 31. Nd5+ Kg7 32. Re2 Rxe2+ 33. Kxe2 f5 34. Nb6 Kf7 35. Kd3 Ke6 36. Kc4 Bc7 37. Nd5 b5+ 38. Kc5 Bd6+ 39. Kc6 b4 40. Nb6 Bf4 41. d5+ Ke7 42. Nc4 g5 43. d6+ Kd8 44. Na5 Bxd6 45. Kxd6 g4 46. hxg4 fxg4 47. Nc6+ Ke8 48. Nxb4 h5 49. Nd3 h4 50. Nf4 Kd8 51. Ke6 Kc7 52. Kf5 h3 53. Nxh3 gxh3 54. gxh3 Kb6 55. h4 Kb5 56. h5 Kc4 1-0